Engineering circuit analysis / (Record no. 188961)
[ view plain ]
| 000 -LEADER | |
|---|---|
| fixed length control field | 00965 a2200241 4500 |
| 003 - CONTROL NUMBER IDENTIFIER | |
| control field | Nust |
| 005 - DATE AND TIME OF LATEST TRANSACTION | |
| control field | 20221125142251.0 |
| 010 ## - LIBRARY OF CONGRESS CONTROL NUMBER | |
| LC control number | 70141920 |
| 020 ## - INTERNATIONAL STANDARD BOOK NUMBER | |
| International Standard Book Number | 0070273820 |
| 040 ## - CATALOGING SOURCE | |
| Transcribing agency | Nust |
| 082 00 - DEWEY DECIMAL CLASSIFICATION NUMBER | |
| Classification number | 621.38132,HAY |
| 100 1# - MAIN ENTRY--PERSONAL NAME | |
| Personal name | Hayt, William Hart, |
| 9 (RLIN) | 101313 |
| 245 10 - TITLE STATEMENT | |
| Title | Engineering circuit analysis / |
| Statement of responsibility, etc. | [by] William H. Hayt, Jr. [and] Jack E. Kemmerly. |
| 250 ## - EDITION STATEMENT | |
| Edition statement | 2nd. ed. |
| 260 ## - PUBLICATION, DISTRIBUTION, ETC. | |
| Place of publication, distribution, etc. | New York, |
| Name of publisher, distributor, etc. | McGraw-Hill |
| Date of publication, distribution, etc. | [1971] |
| 300 ## - PHYSICAL DESCRIPTION | |
| Extent | xv, 653 p. |
| Other physical details | illus. |
| Dimensions | 24 cm. |
| 490 0# - SERIES STATEMENT | |
| Series statement | McGraw-Hill electrical and electronic engineering series |
| 505 ## - FORMATTED CONTENTS NOTE | |
| Formatted contents note | Part 1: The Resistive Circuits (Page-3), Part 2: The Transient Circuits (Page-109), Part 3: Sinusoidal Analysis (Page-233), Part 4: Complex Frequency (Page-351), Part 5: Two Port Networks (Page-431), Part 6: Network Analysis (Page-503). |
| 650 #0 - SUBJECT ADDED ENTRY--TOPICAL TERM | |
| Topical term or geographic name entry element | Electric network analysis. |
| 9 (RLIN) | 10704 |
| 650 #0 - SUBJECT ADDED ENTRY--TOPICAL TERM | |
| Topical term or geographic name entry element | Telecommunication engineering |
| 700 1# - ADDED ENTRY--PERSONAL NAME | |
| Personal name | Kemmerly, Jack E. |
| Dates associated with a name | 1924- |
| 9 (RLIN) | 102222 |
| 942 ## - ADDED ENTRY ELEMENTS (KOHA) | |
| Source of classification or shelving scheme | |
| Koha item type | Book |
| Withdrawn status | Lost status | Source of classification or shelving scheme | Damaged status | Not for loan | Permanent Location | Current Location | Shelving location | Date acquired | Full call number | Barcode | Date last seen | Price effective from | Koha item type | Public note |
|---|---|---|---|---|---|---|---|---|---|---|---|---|---|---|
| Military College of Signals (MCS) | Military College of Signals (MCS) | General Stacks | 12/12/2016 | 621.38132,HAY | MCS5309 | 12/08/2016 | 12/12/2016 | Book | Almirah No.32, Shelf No.4 |
